000 00657nam a2200241 i 4500
001 C2-0272101
003 PPAK
005 20180728001818.0
008 060809s2006 my a|||| ||||| | may d
020 _a9833357318
040 _aPPAK
_beng
_cPPAK
_erda
082 0 4 _a899.233
_223
090 0 0 _a899.233
_bALI
_dK
100 0 _aAlif Firdaus Azis,
_eauthor
245 1 0 _aBergaduh dan menari
264 1 _aBentong, Pahang :
_bPTS One ,
_c2006
300 _a127 pages :
_billustrations ;
_c19 cm
336 _2rdacontent
_atext
337 _2rdamedia
_aunmediated
338 _2rdacarrier
_avolume
650 1 0 _aChildren' stories, Malay.
942 _ddc
_cB
999 _c80172
_d80172